[Event "2024 Summer TNM: 2000+"]
[Site "San Francisco"]
[Date "2024.05.28"]
[Round "4.2"]
[White "Winslow, Elliott"]
[Black "Parsons, Stephen"]
[Result "1-0"]
[WhiteElo "2178"]
[BlackElo "1842"]
[Annotator "Winslow,Elliott"]
[PlyCount "53"]
[GameId "2050885565789680"]
[EventDate "2024.05.07"]
[EventType "swiss"]
[EventRounds "7"]
[EventCountry "USA"]

1. e4 c5 2. Nf3 Nc6 3. d4 cxd4 4. Nxd4 Nf6 5. Nc3 e5 6. Ndb5 d6 7. Bg5 a6 8. Na3 b5 9. Nd5 Be7 10. Bxf6 Bxf6 11. c3 Bg5 12. Nc2 Be6 $6 (12... Nb8) (12... O-O) (12... Rb8) (12... Ne7) ({Relevant:} 12... Rb8 13. Be2 O-O 14. O-O Be6 15. Qd3 g6 16. Rfd1 Kg7 17. Ncb4 Nxb4 18. Nxb4 Rb6 19. Nd5 Rb7 20. Bf3 a5 21. Qe2 Qc8 22. Rd3 b4 23. cxb4 axb4 24. h3 Qc5 25. b3 Rc8 26. Bg4 Qc2 27. Qf1 f5 28. exf5 gxf5 29. Be2 Kh8 30. Rdd1 Qc5 31. Bc4 Rg7 32. Nxb4 Bxc4 33. Qxc4 Qxc4 34. bxc4 Rxc4 35. a3 Ra7 36. Rab1 Rxa3 37. Rxd6 Be7 38. Rb6 Rxb4 39. R6xb4 Bxb4 40. Rxb4 Ra1+ 41. Kh2 Kg7 42. Rb7+ {½-½ Dominguez Perez,L (2749)-Shankland,S (2674) American Cup Elim Saint Louis rapid 2024 (1.1)}) 13. a4 Rb8 14. axb5 axb5 15. Ncb4 Nxb4 16. Nxb4 Rb6 {[#]} 17. Nd5 $146 ({Predecessor:} 17. Ra6 O-O 18. Ra7 d5 19. exd5 Rd6 20. c4 bxc4 21. Bxc4 Qb6 22. Qa4 Bd7 23. Rxd7 Rxd7 24. Nc6 Qxb2 25. O-O e4 26. Kh1 Rd6 27. Qa7 Rg6 28. Qd4 Qxd4 29. Nxd4 Rc8 30. Nc6 Kf8 31. Rb1 Rgxc6 32. dxc6 Rxc6 33. Bd5 Rc2 34. Bxe4 Rxf2 35. g3 Re2 36. Bc6 Rc2 37. Ba4 Rc1+ 38. Rxc1 Bxc1 39. Kg2 f5 40. Kf3 Ke7 41. Bb3 Kf6 42. Ba4 g5 43. h3 Ba3 44. Bd7 Bd6 45. Bc8 {½-½ Oviedo Acosta,P (1763)-Toro Pradenas,M (1971) Asuncion zt 2.5 (Women) 2023 (6)}) 17... O-O 18. Nxb6 Qxb6 19. Bd3 b4 20. Ra6 Qb7 21. O-O bxc3 22. bxc3 Rc8 23. Rxd6 Rxc3 24. Bc4 Qc7 25. Bxe6 fxe6 26. Rd7 Qc4 27. Qh5 1-0

[Event "2024 Summer TNM: 2000+"]
[Site "San Francisco"]
[Date "2024.05.28"]
[Round "4.3"]
[White "Diller, Bradley R"]
[Black "Dasika, Archit"]
[Result "0-1"]
[WhiteElo "2135"]
[BlackElo "2224"]
[PlyCount "119"]
[GameId "2050885565806065"]
[EventDate "2024.05.07"]
[EventType "swiss"]
[EventRounds "7"]
[EventCountry "USA"]

1. c4 c6 2. g3 d5 3. Bg2 Nf6 4. Nf3 g6 5. b3 Bg7 6. Bb2 O-O 7. O-O a5 8. d3 Re8 ({Relevant:} 8... a4 9. cxd5 Nxd5 10. Bxg7 Kxg7 11. bxa4 Qa5 12. Qc1 Qxa4 13. Nc3 Nxc3 14. Qxc3+ Kg8 15. Rfb1 Nd7 16. Rb4 Qa3 17. Rb3 Qa5 18. Qb2 Nc5 19. Rb4 Na4 20. Qd2 c5 21. Qh6 f6 22. Rh4 Rf7 23. Rc1 Nc3 24. Qe3 Qa3 25. Rc4 Qxc1+ 26. Qxc1 Nxe2+ 27. Kf1 Nxc1 28. Rxc1 Rxa2 29. Rxc5 Bd7 30. Nd4 e5 31. Nc2 Be6 32. Ne3 Rd7 33. Be4 Kf7 34. g4 Rb2 35. h4 b5 36. h5 b4 37. Rc8 f5 38. hxg6+ {0-1 Andreikin,D (2729)-Firouzja,A (2777) Chess.com Speed Chess Chess.com INT blitz 2023 (1)}) 9. Qc2 Na6 10. a3 Qb6 11. Nbd2 Bg4 12. Rab1 {[#]} Qc7 $146 ({Predecessor:} 12... Rad8 13. Ba1 d4 14. c5 Qxc5 15. Qxc5 Nxc5 16. Bxd4 Bxf3 17. Nxf3 Ne6 18. Ba1 Nd5 19. Bxg7 Kxg7 20. Rfc1 Nec7 21. Nd2 Nb5 22. Nc4 Ra8 23. Bxd5 cxd5 24. Nb6 Rad8 25. Rc5 Nxa3 26. Ra1 Rd6 27. Nxd5 b6 28. Nc7 {1-0 Matamoros Franco,C (2552)-Estremera Panos,S (2379) Seville op 37th 2012 (7)}) 13. h3 Bxf3 14. Nxf3 Nd7 15. Bxg7 Kxg7 16. b4 axb4 17. axb4 Qd6 18. Rfc1 e5 19. b5 Nac5 20. bxc6 bxc6 21. d4 exd4 22. Nxd4 Ne4 23. cxd5 cxd5 24. Qb2 Kg8 25. Rc6 Qe5 26. Nc2 Rab8 27. Nb4 Qxb2 28. Rxb2 Ne5 29. Rcc2 Nc4 30. Nxd5 Rxb2 31. Rxb2 Nxb2 32. Bxe4 Kg7 33. Bf3 Nc4 34. h4 Nd2 35. Kg2 f5 36. Nf4 Nxf3 37. Kxf3 h6 38. e3 Re5 39. Kg2 g5 40. hxg5 hxg5 41. Ne2 Kf6 42. Nd4 Ra5 43. Kf3 Ra2 44. Kg2 g4 45. Nc6 Rd2 46. Kg1 Rd6 47. Nd4 Ke5 48. Ne2 Ke4 49. Kg2 Rd2 50. Nf4 Ra2 51. Ne6 Kd3 52. Nd4 Ra5 53. Kf1 Rd5 54. Ne6 Ke4 55. Kg2 Ke5 56. Nf4 Rd2 57. Ng6+ Ke4 58. Nf4 Ra2 59. Ng6 Kd3 60. Nf4+ 0-1

[Event "2024 Summer TNM: 2000+"]
[Site "San Francisco"]
[Date "2024.05.28"]
[Round "4.4"]
[White "Suarez, Sebastian"]
[Black "Bambou, Christophe"]
[Result "1-0"]
[WhiteElo "2209"]
[BlackElo "2099"]
[Annotator "ChessBase II"]
[PlyCount "95"]
[GameId "2050885565806066"]
[EventDate "2024.05.07"]
[EventType "swiss"]
[EventRounds "7"]
[EventCountry "USA"]

1. e4 e6 2. d4 d5 3. Nc3 Bb4 4. e5 c5 5. a3 Bxc3+ 6. bxc3 Nc6 7. Nf3 Qa5 8. Bd2 {8.Qd2 is vanishing.} c4 9. a4 Bd7 10. Be2 ({Relevant:} 10. g3 O-O-O 11. h4 f5 12. Ng5 Rf8 13. h5 Nh6 14. Rh4 Nf7 15. Nxf7 {½-½ Gashimov,V (2758)-Ponomariov,R (2739) FIDE World Cup Khanty-Mansiysk 2009 (5.2)}) 10... O-O-O 11. O-O f6 {[#]} 12. Re1 $146 ({Predecessor:} 12. Qb1 Nge7 13. Qa2 Ng6 14. Rfb1 fxe5 15. Rb5 Qa6 16. Rab1 Nxd4 17. Nxd4 exd4 18. Rxb7 Bc6 19. Rb8+ Kd7 20. Rxd8+ Rxd8 21. h4 d3 22. Bd1 Ne5 23. Bf4 dxc2 24. Qxc2 Nd3 25. Bg3 Re8 26. Qd2 Ba8 27. Qg5 Re7 28. Rb8 h6 29. Qg4 Bc6 30. Qf3 Qa5 31. Qf8 e5 32. Bg4+ Kd6 33. Rd8+ Qxd8 34. Qxd8+ Bd7 35. Qb8+ Kc6 36. Qxa7 Rf7 37. h5 Kd6 38. Bh4 Nc5 39. Bd8 {1-0 Chaude de Silans,C-Pinson,H FRA-ch25 Besancon 1949 (4)}) 12... f5 13. Ng5 Rf8 14. h4 Nge7 15. h5 h6 16. Nh3 g5 17. hxg6 Nxg6 18. Bh5 Nce7 19. g3 Rfg8 20. Kf1 a6 21. Qf3 Bxa4 22. Bc1 b5 23. Ba3 Qb6 24. Ra2 Kd7 25. Rb1 Qc6 26. Bd6 Nc8 27. Bb4 Nce7 28. Qe3 Rh7 29. Bc5 f4 30. Nxf4 Nf5 31. Qd2 Nge7 32. Ke2 Qc8 33. g4 Nh4 34. Bxe7 Rxe7 35. Rh1 Qd8 36. Rxh4 Reg7 37. Rh2 Qe8 38. Rh3 Qe7 39. Rf3 Qh4 40. Ra1 Rxg4 41. Bxg4 Qxg4 42. Rh1 Rf8 43. Rxh6 Bxc2 44. Qxc2 Rxf4 45. Qh7+ Kc8 46. Qh8+ Kb7 47. Rh7+ Kb6 48. Qd8+ 1-0

[Event "2024 Summer TNM: 2000+"]
[Site "San Francisco"]
[Date "2024.05.28"]
[Round "4.5"]
[White "Srinivasan, Sivavishnu"]
[Black "Shrauger, Alex Hayden"]
[Result "0-1"]
[WhiteElo "2029"]
[BlackElo "2204"]
[Annotator "Winslow,Elliott"]
[PlyCount "86"]
[GameId "2050885565810163"]
[EventDate "2024.05.07"]
[EventType "swiss"]
[EventRounds "7"]
[EventCountry "USA"]

1. e4 e6 2. d4 d5 3. Nc3 Bb4 4. e5 c5 5. a3 Bxc3+ 6. bxc3 Ne7 7. a4 Qc7 8. Nf3 h6 9. Bd3 {9.Bd3 was played by the boomers.} ({Relevant:} 9. Bb5+ Bd7 10. Bd3 Nbc6 11. O-O O-O 12. Ba3 b6 13. dxc5 Rfc8 14. Qd2 Ng6 15. cxb6 axb6 16. Bd6 Qd8 17. Rfe1 Na5 18. Nd4 Nc4 19. Bxc4 Rxc4 20. f4 Nh4 21. Re3 Rcxa4 22. Rae1 Nf5 23. Nxf5 exf5 24. Qxd5 Be6 25. Qf3 Qc8 26. h3 Ra1 27. Kh2 Rxe1 28. Rxe1 Ra4 29. Rb1 Qd8 30. Rd1 Kh7 31. Rd4 b5 32. Qg3 Qc8 33. Bb4 Ra2 34. Rd2 Qa8 35. Qh4 Qb7 36. Bf8 Ra8 37. Be7 Qe4 38. Rd3 Ra4 {1-0 Aronian,L (2742)-So,W (2753) Chess.com Speed Chess Chess.com INT blitz 2023 (1)}) 9... b6 10. O-O Ba6 {[#]} 11. Bf4 $146 ({Predecessor:} 11. Bxa6 Nxa6 12. Qe2 Nb8 13. a5 Qc6 14. c4 dxc4 15. axb6 axb6 16. Rxa8 Qxa8 17. dxc5 bxc5 18. Qxc4 Qd5 19. Qxd5 Nxd5 20. c4 Ne7 21. Be3 Nd7 22. Ra1 O-O 23. Ra7 Rd8 24. Kf1 Nf5 25. Bd2 Nxe5 26. Ba5 Nc6 27. Bxd8 Nxa7 28. Bb6 Nc6 29. Bxc5 h5 30. Ke2 {½-½ Istratescu,A (2651)-Rapport,R (2646) Neckar op-A 17th Deizisau 2013 (8)}) 11... Bxd3 12. Qxd3 Nbc6 13. Rab1 O-O 14. Qd2 Kh7 15. h4 cxd4 16. cxd4 Rac8 17. Qd3+ Kh8 18. Qd2 Ng8 19. g4 Na5 20. Rfc1 Qd7 21. Rb4 Qe7 22. c3 Nc6 23. Rbb1 f6 24. Kg2 fxe5 25. dxe5 Qf7 26. Kg3 Na5 27. Rb4 Nc4 28. Qd4 Ne7 29. h5 Nc6 30. Rxc4 Nxd4 31. Rxd4 Rc4 32. Rcd1 Rxc3 33. Kg2 Qxf4 34. Rxf4 Rxf4 35. Nh2 Rxa4 36. Rd2 b5 37. Re2 b4 38. f4 b3 39. f5 Ra2 40. Rxa2 bxa2 41. fxe6 a1=Q 42. e7 Qb2+ 43. Kg1 Rc1+ 0-1

[Event "2024 Summer TNM: 2000+"]
[Site "San Francisco"]
[Date "2024.05.28"]
[Round "4.6"]
[White "Gaffagan, Steven"]
[Black "Ni, Leo"]
[Result "0-1"]
[WhiteElo "2039"]
[BlackElo "1844"]
[Annotator "Winslow,Elliott"]
[PlyCount "96"]
[GameId "2050884747883775"]
[EventDate "2024.05.07"]
[EventType "swiss"]
[EventRounds "7"]
[EventCountry "USA"]

1. e4 e6 2. d4 d5 3. Nc3 dxe4 4. Nxe4 Bd7 5. Nf3 Bc6 6. Bd3 Nd7 7. Qe2 Be7 8. Bd2 Ngf6 9. O-O-O ({Relevant:} 9. Ng3 Bxf3 10. Qxf3 c6 11. O-O O-O 12. b4 Qb6 13. c3 a5 14. a3 Ra7 15. Rfe1 axb4 16. axb4 Rfa8 17. Rad1 Bf8 18. h4 Ra3 19. h5 Qd8 20. Bc1 Ra1 21. Bc2 h6 22. Nf1 Be7 23. Nd2 Nf8 24. Nb3 R1a7 25. Re5 N6d7 26. Qg3 Kh8 27. Re2 Nf6 28. Qh3 Nd5 29. f4 b6 30. Bb1 Qc7 31. Qf3 c5 32. bxc5 bxc5 33. c4 Nb6 34. dxc5 Nxc4 35. Kh1 Na5 36. Nd4 Rd8 37. Ree1 Qxc5 38. Be3 Rad7 {½-½ Stukopin,A (2578)-Hernandez Carmenates,H (2537) Brownsville Spring Break 2015 (3)}) 9... O-O 10. Neg5 Bxf3 {[#]} 11. Qxf3 $146 ({Predecessor:} 11. Nxf3 c5 12. c3 a6 13. Kb1 Qc7 14. g4 Nd5 15. Ne5 cxd4 16. cxd4 Rfd8 17. h4 Qb6 18. Nc4 Qc7 19. g5 Nf4 20. Bxf4 Qxf4 21. Qe4 Qxe4 22. Bxe4 Ra7 23. Na5 Rb8 24. Rc1 Bb4 25. Nb3 Bd6 26. Rh3 Bf4 27. Rc2 h6 28. gxh6 Nf6 29. Bg2 Bxh6 30. Rhc3 Bf4 31. Na5 Nd5 32. Rc8+ Rxc8 33. Rxc8+ Kh7 34. Be4+ g6 35. h5 Kg7 36. hxg6 fxg6 37. Nb3 Ne7 38. Rc3 b6 39. a4 a5 40. Kc2 Rd7 {½-½ Timoshenko,G (2540)-Lputian,S (2545) URS Club Cup 2nd Group2 Podolsk 1990 (5)}) 11... c5 12. Rde1 h6 13. h4 cxd4 14. Rxe6 fxe6 15. Nxe6 Qe8 16. Bc4 Kh8 17. Nxf8 Qxf8 18. Re1 Rc8 19. Bd3 Nc5 20. Bf5 Rc6 21. g4 Qf7 22. Kb1 g6 23. Bxh6 gxf5 24. Qxf5 Re6 25. Rxe6 Qxe6 26. Qg6 Qg8 27. Qf5 Qh7 28. Qc8+ Ng8 29. g5 d3 30. Qg4 dxc2+ 31. Kc1 Nd3+ 32. Kxc2 Nxf2+ 33. g6 Nxg4 34. gxh7 Kxh7 35. Bg5 Bxg5 36. hxg5 Kg6 37. Kd3 Ne7 38. Kc4 Kf5 39. Kc5 Ke6 40. b4 Ne5 41. a4 Nf7 42. g6 Nxg6 43. a5 Ne7 44. b5 Nd6 45. Kb4 Kd5 46. Ka4 Kc5 47. a6 b6 48. Ka3 Kxb5 0-1

[Event "2024 Summer TNM: 2000+"]
[Site "San Francisco"]
[Date "2024.05.28"]
[Round "4.7"]
[White "Viadiu-Ilarraza, Hector"]
[Black "Jones, James E"]
[Result "1-0"]
[WhiteElo "1896"]
[BlackElo "2000"]
[Annotator "Winslow,Elliott"]
[PlyCount "77"]
[GameId "2050880698212602"]
[EventDate "2024.05.07"]
[EventType "swiss"]
[EventRounds "7"]
[EventCountry "USA"]

1. e4 e5 2. Nf3 Nf6 3. Nc3 Nc6 4. Bc4 Bb4 5. O-O O-O 6. d3 h6 7. a3 Bxc3 8. bxc3 d5 9. exd5 Nxd5 10. Bd2 Be6 {[#]} ({Relevant:} 10... Bg4 11. Qe2 Nb6 12. Bb3 Kh8 13. h3 Bxf3 14. Qxf3 f5 15. Rfe1 Qd6 16. Qg3 Rad8 17. c4 Nd4 18. c5 Qxc5 19. Bb4 Qc6 20. Bxf8 Rxf8 21. Qxe5 Nxb3 22. cxb3 Nd5 23. Rac1 Qd7 24. Qe6 Qxe6 25. Rxe6 c6 26. Rce1 Kh7 27. g3 Rf7 28. b4 Rd7 29. Kg2 Kg8 30. R6e5 g6 31. Re8+ Kg7 32. Kf3 Kf7 33. Rh8 Kg7 34. Ra8 a6 35. d4 Nf6 36. Re5 Kf7 37. Rb8 Nd5 38. Ke2 Nb6 39. Kd3 Nd5 40. Rh8 {1-0 Grutter,T (2329)-Degtiarev,E (2381) Titled Tuesday intern op 14th Nov Early Chess.com INT blitz 2023 (4)}) 11. Re1 $146 ({Predecessor:} 11. Bb3 Qd7 12. Re1 Bg4 13. h3 Bh5 14. Ba4 a6 15. Bxc6 Qxc6 16. Rxe5 Bxf3 17. Qxf3 Rad8 18. Rae1 Nf6 19. Qxc6 bxc6 20. Rc5 Nd7 21. Rxc6 a5 22. Rxc7 Nf6 23. Ra7 Rd5 24. c4 Rf5 25. Rxa5 Rxa5 26. Bxa5 {1-0 Utzig,D-Holland Letz,K Rangliste 1000-1300 21098 freechess.de 2018}) 11... Qd6 12. Qe2 Bg4 13. h3 Bxf3 14. Qxf3 Rad8 15. Rab1 b6 16. Rb5 Nce7 17. Bxd5 Nxd5 18. c4 c6 19. Rb3 Nf6 20. Bb4 c5 21. Bc3 Rfe8 22. Qg3 Nh5 23. Qg4 Nf4 24. Rbb1 Re6 25. g3 Rg6 26. Bxe5 Rxg4 27. Bxd6 Nxh3+ 28. Kg2 Rxd6 29. Re8+ Kh7 30. Kxh3 Rgd4 31. Rbe1 Kg6 32. a4 Rd7 33. a5 R4d6 34. a6 Rf6 35. f4 h5 36. Rb8 Re6 {[#]} 37. Rxe6+ fxe6 38. Rb7 Rd8 39. Rxa7 1-0

[Event "2024 Summer TNM: 1600-1999"]
[Site "San Francisco"]
[Date "2024.05.28"]
[Round "4.9"]
[White "Jian, Sheng"]
[Black "Kumar, Jay Dave"]
[Result "0-1"]
[WhiteElo "1625"]
[BlackElo "1985"]
[Annotator "Winslow,Elliott"]
[PlyCount "77"]
[GameId "2050885565830647"]
[EventDate "2024.05.07"]
[EventType "swiss"]
[EventRounds "7"]
[EventCountry "USA"]

1. e4 c5 2. Nc3 Nc6 3. Bb5 Nd4 4. Nf3 a6 ({Relevant:} 4... e6 5. O-O a6 6. Bd3 Nc6 7. Nd5 d6 8. Ne3 g5 9. c3 h5 10. Bc2 g4 11. Ne1 Bg7 12. f3 Nh6 13. fxg4 hxg4 14. Nxg4 Qh4 15. Nxh6 Qxh6 16. h3 Qh4 17. Qf3 Qe7 18. Qg4 Rg8 19. Qh5 Rh8 20. Qg4 Rg8 21. Qh5 Rh8 22. Qg4 Rg8 {½-½ Shevchenko,K (2684)-Vachier Lagrave,M (2742) Warsaw Superbet Blitz 2023 (6)}) 5. Bd3 g6 6. O-O Bg7 7. Nxd4 cxd4 8. Ne2 d5 9. exd5 Qxd5 10. c3 dxc3 11. dxc3 Nf6 12. h3 O-O {[#]} 13. Qc2 $146 ({Predecessor:} 13. Nf4 Qa5 14. Bc4 b5 15. Qf3 Rb8 16. Bb3 Bb7 17. Qe2 Rbe8 18. Nd3 e5 19. Be3 Qc7 20. Nc5 Ba8 21. f3 e4 22. fxe4 Nxe4 23. Nxe4 Rxe4 24. Qf2 Kh8 25. Rad1 f5 26. Bd4 f4 27. Bc5 Rf5 28. Bb6 Qe7 29. Rd8+ Rf8 30. Rfd1 f3 31. Rxf8+ Qxf8 32. Qc5 Qe8 33. gxf3 Re1+ 34. Rxe1 Qxe1+ 35. Kg2 Qe2+ 36. Kg1 Qe1+ 37. Kg2 Qd2+ 38. Kg1 Qc1+ 39. Kg2 Qxb2+ 40. Kg1 Qxc3 41. Qd6 Qxf3 42. Qd8+ Qf8 {0-1 Goh,W (2501)-Maghsoodloo,P (2676) Asia Nations online Cup Chess.com INT rapid 2020 (6.2)}) 13... e5 {[#]} 14. Ng3 Bd7 15. Rd1 Qe6 16. Qe2 Bc6 17. Bc4 Nd5 18. Ne4 Rad8 19. Be3 f5 20. Ng5 Qe7 21. Nf3 h6 22. b4 Rfe8 23. Re1 Kh7 24. Bxd5 Bxd5 25. Bf4 Qc7 26. Bd2 {[#]} Bxf3 27. gxf3 e4 28. f4 Bf8 29. Rad1 Bd6 30. Qe3 Rd7 31. Bc1 Red8 32. Rd4 Bf8 33. Red1 Rxd4 34. Rxd4 Rxd4 35. cxd4 Bxb4 36. Qb3 Qxc1+ 37. Kg2 Bf8 38. Qf7+ Bg7 39. Kg3 0-1

[Event "2024 Summer TNM: 1600-1999"]
[Site "San Francisco"]
[Date "2024.05.28"]
[Round "4.10"]
[White "Lamstein, Joshua"]
[Black "Marvin, Hayes Alexander"]
[Result "0-1"]
[WhiteElo "1719"]
[BlackElo "1829"]
[Annotator "Winslow,Elliott"]
[PlyCount "58"]
[GameId "2050885565834744"]
[EventDate "2024.05.07"]
[EventType "swiss"]
[EventRounds "7"]
[EventCountry "USA"]

1. e4 d5 2. exd5 Qxd5 3. Nc3 Qd8 4. Nf3 Nf6 5. d4 Bg4 6. Be2 ({Relevant:} 6. h3 Bxf3 7. Qxf3 c6 8. Be3 e6 9. O-O-O Bb4 10. Ne4 Nxe4 11. Qxe4 Qd5 12. Qxd5 cxd5 13. c3 Bd6 14. Kc2 Nc6 15. a4 O-O-O 16. b4 Kb8 17. Kb3 Rc8 18. Be2 Rc7 19. f4 g6 20. g4 Rhc8 21. Rc1 Ne7 22. Bd2 Rd8 23. h4 Nc8 24. h5 Nb6 25. hxg6 hxg6 26. Rh7 Nc4 27. Bxc4 dxc4+ 28. Kc2 a6 29. Rf1 b5 30. a5 Kb7 31. Be3 Kc6 32. f5 gxf5 33. gxf5 e5 34. dxe5 Bxe5 35. Bb6 Rd3 {1-0 Grischuk,A (2745)-Ibarra Jerez,J (2563) Titled Tuesday intern op 02nd May Late Chess.com INT blitz 2023 (10)}) 6... c6 7. h3 Bxf3 8. Bxf3 e6 9. O-O Be7 10. Bf4 O-O {[#]} 11. a3 $146 ({Predecessor:} 11. Ne2 Nd5 12. Bh2 Bd6 13. c4 Bxh2+ 14. Kxh2 Nf6 15. Qc2 Nbd7 16. Rad1 Qc7+ 17. g3 a5 18. Kg2 Rfd8 19. Nc3 Nf8 20. Rfe1 Rd7 21. Qb3 Rad8 22. d5 exd5 23. cxd5 cxd5 24. Nxd5 Nxd5 25. Rxd5 Rxd5 26. Bxd5 b6 27. Rd1 Rd7 28. Rd3 g6 29. Rf3 Kg7 30. Bc4 f6 31. h4 Rd6 32. Re3 Rd7 33. Bb5 Re7 34. Rc3 Qd6 35. Rc6 Qd4 36. Qc3 Qxc3 37. bxc3 Re6 38. Rc7+ Kh6 39. Bc4 Re8 40. f4 f5 {0-1 Turgut,A (2378)-Kepeshchuk,M (2269) Titled Tuesday intern op 2nd July Chess.com INT blitz 2019 (8)}) 11... Nd5 12. Nxd5 cxd5 13. Re1 Nc6 14. Qd3 Qb6 15. c3 Na5 16. b4 Nc4 {[#]} 17. Bxd5 exd5 18. Rxe7 Qf6 19. Rd7 Qxf4 20. Rxd5 Rac8 21. Rd7 Qb8 22. Re1 Nb6 23. Rde7 Nd5 24. R7e5 Nxc3 25. Rh5 g6 26. Ree5 {[#]} Ne2+ 27. Qxe2 Rc1+ 28. Kh2 f6 29. Qg4 Qd6 0-1

[Event "2024 Summer TNM: 1600-1999"]
[Site "San Francisco"]
[Date "2024.05.28"]
[Round "4.11"]
[White "Walder, Michael"]
[Black "Peterson, Jared E"]
[Result "1-0"]
[WhiteElo "1978"]
[BlackElo "1809"]
[Annotator "TA 4.6"]
[PlyCount "105"]
[GameId "2050885565838841"]
[EventDate "2024.05.07"]
[EventType "swiss"]
[EventRounds "7"]
[EventCountry "USA"]

1. e4 e6 2. d4 d5 3. e5 c5 4. c3 Nc6 5. Nf3 Bd7 6. Be2 cxd4 7. cxd4 Qb6 8. O-O Nge7 9. Nc3 Nf5 10. Na4 Qd8 11. Bf4 ({Relevant:} 11. g4 Nh4 12. Be3 Nxf3+ 13. Bxf3 Be7 14. Rc1 Rc8 15. Be2 O-O 16. Nc5 Rc7 17. f4 Na5 18. b3 b6 19. Nxd7 Qxd7 20. Rxc7 Qxc7 21. Qd2 Rc8 22. Ba6 Rb8 23. Rc1 Qd8 24. Qe2 h6 25. Kh1 Ba3 26. Rf1 Nc6 27. f5 Qh4 28. Qf3 exf5 29. Qxf5 Rf8 30. e6 Nd8 31. Bd3 g6 32. exf7+ Rxf7 33. Qxg6+ Kf8 34. Bxh6+ Ke8 35. Bb5+ {1-0 Vachier Lagrave,M (2780)-Antipov,M (2589) Titled Tuesday intern op 2nd Febr Chess.com INT blitz 2019 (7)}) 11... Be7 12. Rc1 {[%eval 0,38]} (12. g4 $14 {[%eval 49,31] should be considered.} Nh4 13. Nxh4 Bxh4 14. Nc5) 12... h5 13. Nc5 {White has an edge.} g5 $1 14. Be3 (14. Nxb7 $2 Qb6 15. Bxg5 Qxb7 16. Bxe7 Kxe7 $19 (16... Ncxe7 17. Qd2 $17)) 14... g4 $1 15. Ne1 (15. Nxb7 $2 {perishes.} Qb8 16. Nd6+ Bxd6 17. exd6 gxf3 18. Bxf3 Qxb2 $19 (18... Qxd6 $2 19. Rc5 $19)) 15... Bxc5 {[%eval 96,32]} (15... Rc8 $1 $11 {[%eval 4,32] keeps the balance.}) 16. Rxc5 $16 Nxe3 {[%eval 153,34]} (16... O-O $142 {[%eval 87,34]}) 17. fxe3 Qg5 {[#]} 18. Rf4 $146 ({Predecessor:} 18. Qb3 f5 19. exf6 b6 20. f7+ Kf8 21. Rc3 {1-0 Henris,L (2302)-Chu,J (2200) IECG CM.2003.0.00210 email IECG email}) 18... Ne7 19. Qb3 {[%eval 60,34]} ({White should play} 19. Bd3 $16 {[%eval 152,32]}) 19... Bc6 $1 $14 20. Bb5 {[%eval 0,52] White has more active pieces.} (20. Qa3 $16 {[%eval 74,32]}) 20... O-O $11 21. Bd3 f6 22. exf6 Rxf6 23. g3 Raf8 {[%eval 54,31]} (23... Rxf4 $11 {[%eval 0,38]} 24. exf4 Qf6) 24. Qc3 {[%eval 13,40]} (24. Rc2 $14 {[%eval 54,31]}) 24... h4 25. Ng2 hxg3 26. hxg3 Ng6 27. Bxg6 Qxg6 28. Qc2 Qxc2 {[%eval 173,35]} (28... Kg7 $16 {[%eval 75,34]}) 29. Rxc2 $18 Rxf4 30. Nxf4 $16 {[%eval 76,36] Endgame. KRB-KRN} (30. exf4 $142 {[%eval 157,32] Threatens to win with Ne3.} Rf7 31. Ne3) 30... Re8 $2 {[%eval 262,34] [#] Loses the game.} (30... Rf5 $16 {[%eval 76,36]}) 31. Nd3 $18 Bb5 {[%eval 371,33]} (31... Kg7 $142 {[%eval 246,35]} 32. Ne5 Rg8) 32. Ne5 Rf8 33. Rf2 Rc8 34. Kg2 ({Less strong is} 34. Nxg4 Bd3 35. Kg2 Be4+ 36. Kh3 Kg7 $16) 34... Rc1 35. Nxg4 Ra1 36. a3 Re1 37. Kf3 Ba4 38. Kf4 Kg7 39. Ne5 Be8 40. g4 Bg6 {[%eval 563,28]} (40... Kf6 $142 {[%eval 381,33]} 41. Rh2 Rf1+ 42. Kg3 Kg7) 41. Nxg6 {White is clearly winning.} Kxg6 {KR-KR} 42. Rc2 Rb1 43. Ke5 Re1 44. Rc3 Kf7 45. Rc7+ Kf8 46. Kxe6 Rxe3+ 47. Kxd5 Rb3 48. Rc2 Ke7 49. Rg2 Rb5+ 50. Ke4 {Hoping for g5.} Kf6 {[%eval 844,25] [#]} (50... Rg5 $142 {[%eval 483,36]} 51. Kf3 Rd5) 51. g5+ $1 Kg6 52. d5 Ra5 53. Ke5 {Weighted Error Value: White=0.19 (very precise) /Black=0.32.} 1-0

[Event "2024 Summer TNM: 1600-1999"]
[Site "San Francisco"]
[Date "2024.05.28"]
[Round "4.12"]
[White "Gray, William"]
[Black "Krayushkin, Igor"]
[Result "1-0"]
[WhiteElo "1950"]
[BlackElo "1717"]
[PlyCount "69"]
[GameId "2050885565847034"]
[EventDate "2024.05.07"]
[EventType "swiss"]
[EventRounds "7"]
[EventCountry "USA"]

1. Nf3 Nf6 2. d4 g6 3. Bg5 Bg7 4. Nbd2 d5 5. e3 O-O 6. Bd3 Nbd7 7. b4 {[#]} ({Relevant:} 7. c3 c5 8. O-O b6 9. h3 Bb7 10. Bf4 Ne4 11. Qe2 Nxd2 12. Qxd2 e6 13. a4 a6 14. a5 c4 15. Bc2 b5 16. Bd6 Re8 17. Rfe1 Rc8 18. Ne5 Nxe5 19. dxe5 f6 20. exf6 Qxf6 21. Bb4 e5 22. b3 d4 23. exd4 exd4 24. cxd4 Qxd4 25. Qxd4 Bxd4 26. Rxe8+ Rxe8 27. Rd1 Rd8 28. Bc3 {1-0 Gordievsky,D (2559)-Nguyen,N (2641) Titled Tuesday intern op 4th Febr Chess.com INT blitz 2020 (8)}) 7... Qe8 $146 ({Predecessor:} 7... Re8 8. c4 c6 9. O-O dxc4 10. Nxc4 Nb6 11. Rc1 Nxc4 12. Bxc4 Ne4 13. Bf4 Nd6 14. Bb3 Bg4 15. h3 Bxf3 16. Qxf3 e6 17. Rfd1 Qe7 18. Rc5 h6 19. g4 Rad8 20. a4 a6 21. Rdc1 Rd7 22. b5 cxb5 23. Bxd6 Qxd6 24. axb5 Rf8 25. bxa6 bxa6 26. Ra1 Ra7 27. Bc4 Qxc5 28. dxc5 Bxa1 29. Qc6 a5 30. Qb6 Raa8 31. c6 a4 32. c7 a3 33. Qc6 Be5 34. f4 Bxc7 35. Qxc7 Rac8 36. Qe7 Rxc4 37. Qxa3 {0-1 Voskanyan,V (2235)-Masse,H (2278) Quebec-ch Montreal 2008 (2)}) 8. Ne5 Nxe5 9. dxe5 Nd7 10. f4 f6 11. exf6 exf6 12. Bh4 Qxe3+ 13. Qe2 Qxe2+ 14. Kxe2 Nb6 15. a4 Bd7 16. b5 Rae8+ 17. Kf3 Nc8 18. Bf2 f5 19. Ra3 Rf6 20. Nb3 Bf8 21. Nc5 Bxc5 22. Bxc5 Nd6 23. Bd4 Rfe6 24. Rha1 b6 25. Rc3 Rc8 26. Be5 Ne8 27. a5 c5 28. axb6 axb6 29. Ra7 Rd8 30. Bf1 Nd6 31. Rca3 Bxb5 32. Rg7+ Kf8 33. Raa7 Bc6 34. Rxh7 Bb7 35. Bxd6+ 1-0

[Event "2024 Summer TNM: 1600-1999"]
[Site "San Francisco"]
[Date "2024.05.28"]
[Round "4.13"]
[White "Fernandes, Joshua"]
[Black "Admassu, Yonathan"]
[Result "1/2-1/2"]
[WhiteElo "1917"]
[BlackElo "1747"]
[PlyCount "90"]
[GameId "2050885565851131"]
[EventDate "2024.05.07"]
[EventType "swiss"]
[EventRounds "7"]
[EventCountry "USA"]

1. e4 e5 2. Nc3 Nf6 3. Bc4 Nc6 4. d3 Bb4 5. Bg5 Bxc3+ 6. bxc3 Ne7 7. Qf3 Ng6 8. Ne2 d6 9. Ng3 h6 10. Bxf6 Qxf6 11. Qxf6 gxf6 12. f3 Nf4 13. Kf2 Rg8 14. d4 Be6 15. Bb3 c6 16. Rhg1 Ke7 17. Ne2 Nxe2 18. Kxe2 Rg5 19. g3 Rag8 20. Rab1 b6 21. Ke3 f5 22. Rgf1 Bxb3 23. cxb3 f4+ 24. gxf4 exf4+ 25. Kxf4 Rg2 26. h4 Rxa2 27. Ra1 Rgg2 28. b4 a5 29. bxa5 bxa5 30. Rfb1 Rad2 31. Rxa5 Rd3 32. Re1 Rxc3 33. Re3 Rxe3 34. Kxe3 Kf8 35. Rf5 Kg7 36. e5 d5 37. Rf4 Rc2 38. Kd3 Rc4 39. Rg4+ Kf8 40. Rf4 c5 41. h5 Ke7 42. Rf6 Rxd4+ 43. Ke3 Rh4 44. Rxh6 Kf8 45. Rc6 c4 {(...)} 1/2-1/2